[Event "4th Zurich CC Blitz"]
[Site "Zurich SUI"]
[Date "2015.02.13"]
[Round "1.2"]
[White "Caruana,F"]
[Black "Nakamura,Hi"]
[Result "1/2-1/2"]
[WhiteElo "2811"]
[BlackElo "2776"]

1.e4 d5 2.exd5 Qxd5 3.Nc3 Qa5 4.Nf3 Nf6 5.d4 c6 6.Bc4 Bf5 7.O-O e6 8.Ne2 Nbd7
9.Ng3 Bg6 10.Bf4 Nd5 11.Bd2 Qc7 12.Bb3 Bd6 13.c4 N5f6 14.Re1 O-O 15.Nh4 c5
16.Nxg6 hxg6 17.dxc5 Nxc5 18.Bc2 Be5 19.Rb1 Rad8 20.Qe2 Bd4 21.b4 Ncd7 22.Bb3 a5
23.a3 axb4 24.axb4 Ra8 25.Qd3 Ba7 26.Bc3 Ng4 27.c5 Ndf6 28.Qf3 b6 29.h3 Nxf2
30.Qxf2 bxc5 31.Be5 Qe7 32.bxc5 Bxc5 33.Bd4 Bxd4 34.Qxd4 Rfd8 35.Qf2 Rd3
36.Bc4 Rc3 37.Rbc1 Rxc1 38.Rxc1 Rc8 39.Rc2 Qb4 40.Bf1 Rxc2 41.Qxc2 Nd5 42.Qf2 Qb1
43.Kh2 Qb8 44.Bc4 Nf6 45.Qe3 Qc7 46.Be2 Nd5 47.Qd4 Ne7 48.Bd3 Nd5 49.Be4 Nf6
50.Bf3 Nd7 51.h4 Nf6 52.Qe3 Nd7 53.h5 gxh5 54.Bxh5 Nf6 55.Bf3 Nd7 56.Qg5 Ne5
57.Be4 f5 58.Bf3 Qd6 59.Kh3 Nf7 60.Qg6 Qe7 61.Nh5 Ng5+ 62.Kg3 Nxf3 63.gxf3 Qf7
64.Qg5 e5 65.Qd8+ Kh7 66.Qg5 Qg6 67.Kh4 e4 68.Qxg6+ Kxg6 69.f4 e3 70.Ng3 Kf6
71.Ne2 g6 72.Kg3 g5 73.fxg5+ Kxg5 74.Kf3 f4 75.Nxf4 e2 76.Kxe2 Kxf4  1/2-1/2

[Event "4th Zurich CC Blitz"]
[Site "Zurich SUI"]
[Date "2015.02.13"]
[Round "2.2"]
[White "Nakamura,Hi"]
[Black "Aronian,L"]
[Result "0-1"]
[WhiteElo "2776"]
[BlackElo "2777"]

1.d4 Nf6 2.Bg5 d5 3.e3 Nbd7 4.c4 e6 5.Nc3 Bb4 6.Qb3 c5 7.dxc5 Qa5 8.a3 Bxc3+
9.Qxc3 Qxc3+ 10.bxc3 Ne4 11.Bf4 dxc4 12.Bxc4 e5 13.f3 exf4 14.fxe4 fxe3 15.Ke2 Nxc5
16.Kxe3 Be6 17.Bxe6 Nxe6 18.Ne2 Rc8 19.Rhb1 Nc5 20.a4 O-O 21.Rb4 Rfe8 22.Ng3 g6
23.Kf3 Rcd8 24.Rd4 Nb3 25.Rxd8 Rxd8 26.Ra3 Nd2+ 27.Kf4 b6 28.Ra1 Nc4 29.Rb1 Rd3
30.Rb4 Rxc3 31.Ne2 Rc2 32.Nd4 Rc1 33.Nc6 a5 34.Rb3 Ra1 35.Ne7+ Kg7 36.Nd5 Rxa4
37.Nxb6 Nxb6 38.Rxb6 f5 39.Rb7+ Kh6 40.h4 Rxe4+ 41.Kg3 Rg4+ 42.Kh3 Rb4 43.Ra7 Rb3+
44.Kh2 Ra3 45.g3 Ra2+ 46.Kh3 a4 47.Ra5 Ra1 48.g4 Ra3+ 49.Kg2 fxg4 50.Rg5 Ra2+
51.Kg3 Ra1 52.Kg2 a3 53.Rxg4 Rb1 54.Ra4 Rb2+ 55.Kg3 a2 56.Ra7 g5 57.hxg5+ Kxg5
58.Ra4 h5 59.Kh3 Kf5 60.Kh4 Rc2 61.Ra3 Ke5  0-1

[Event "4th Zurich CC Blitz"]
[Site "Zurich SUI"]
[Date "2015.02.13"]
[Round "3.3"]
[White "Kramnik,V"]
[Black "Nakamura,Hi"]
[Result "1/2-1/2"]
[WhiteElo "2783"]
[BlackElo "2776"]

1.d4 Nf6 2.Nf3 d5 3.c4 e6 4.e3 c5 5.cxd5 exd5 6.Bb5+ Nc6 7.O-O a6 8.Bxc6+ bxc6
9.Qc2 Qb6 10.Nc3 cxd4 11.Na4 Qc7 12.exd4 Bd6 13.Re1+ Ne4 14.Nc5 f5 15.Nd3 O-O
16.Nfe5 c5 17.f3 cxd4 18.Qxc7 Bxc7 19.Nc6 Bb7 20.Ne7+ Kh8 21.Bf4 Bb6 22.Rac1 Rf7
23.Nc6 a5 24.Be5 Ba6 25.Rcd1 Rc8 26.Bxd4 Bxd3 27.Rxd3 Rxc6 28.Bxb6 Rxb6 29.fxe4 fxe4
30.Rxd5 h6 31.Re2 Rbf6 32.Rd1 e3 33.Rxe3 Rf2 34.Rb3 Rc2 35.h3 Kh7 36.a4 Rc4
37.Ra3 Rf5 38.Rd2 Rb4 39.Kh2 Rg5 40.b3 Re5 41.Rd3 Re2 42.Ra1 Rb2 43.Re1 R2xb3
44.Rxb3 Rxb3 45.Re5 g5 46.Rxa5 Ra3 47.Ra6 h5 48.Kg1 Ra2 49.Kf1 h4 50.a5 Kg7
51.Ra7+ Kg6 52.Ra8 Kg7 53.a6 Kh7  1/2-1/2

[Event "4th Zurich CC Blitz"]
[Site "Zurich SUI"]
[Date "2015.02.13"]
[Round "4.1"]
[White "Anand,V"]
[Black "Nakamura,Hi"]
[Result "1-0"]
[WhiteElo "2797"]
[BlackElo "2776"]

1.e4 c5 2.Nf3 d6 3.Bb5+ Bd7 4.Bxd7+ Nxd7 5.O-O Ngf6 6.Qe2 Rc8 7.b3 g6 8.Bb2 e5
9.c4 Bg7 10.d3 O-O 11.Nc3 Nh5 12.Nd5 Nb8 13.a3 Nc6 14.b4 b6 15.Bc1 f5 16.b5 fxe4
17.Qxe4 Ne7 18.Bg5 Nf6 19.Bxf6 Bxf6 20.a4 Nxd5 21.Qxd5+ Kg7 22.Ra2 Qc7 23.Nd2 Rcd8
24.Ne4 Qf7 25.Nc3 e4 26.Qxf7+ Rxf7 27.Nxe4 d5 28.Nxf6 Kxf6 29.a5 dxc4 30.dxc4 Rd4
31.Rc1 Rfd7 32.Kf1 h5 33.g3 R7d6 34.h4 Re4 35.axb6 axb6 36.Ra8 Kf7 37.Rc3 Kg7
38.Kg2 Rd7 39.Rb8 Re6 40.Re3 Rf6 41.Ree8 Rd2 42.Rg8+ Kh7 43.Rh8+ Kg7 44.Rbg8+ Kf7
45.Rf8+ Ke7 46.Rxf6 Kxf6 47.Rb8 Rd6 48.Kf3 Kf5 49.Rf8+ Ke5 50.Ke3 Rd4 51.Rb8 Rd6
52.Rc8 Re6 53.Rc6 Rxc6 54.bxc6 Kd6 55.f4 Kxc6 56.g4 Kd6 57.gxh5 gxh5 58.Ke4 Ke7
59.Ke5 Kf7 60.f5 Ke7 61.f6+ Kf7 62.Kf5  1-0

[Event "4th Zurich CC Blitz"]
[Site "Zurich SUI"]
[Date "2015.02.13"]
[Round "5.3"]
[White "Nakamura,Hi"]
[Black "Karjakin,Sergey"]
[Result "1-0"]
[WhiteElo "2776"]
[BlackElo "2760"]

1.b3 d5 2.Nf3 c5 3.e3 Nc6 4.Bb5 Nf6 5.Bxc6+ bxc6 6.Bb2 e6 7.d3 Bd6 8.c4 O-O
9.Nc3 e5 10.e4 d4 11.Ne2 Nh5 12.Ng3 Nf4 13.O-O g6 14.Bc1 Ne6 15.Bh6 Re8 16.Qd2 f6
17.Kh1 a5 18.h3 Qe7 19.Qd1 Nd8 20.Bd2 Nf7 21.Nh2 f5 22.exf5 gxf5 23.f4 exf4
24.Nh5 Ra7 25.Re1 Ne5 26.Bxf4 Qh4 27.Bg3 Qg5 28.Bf4 Qh4 29.g3 Qd8 30.Nf3  1-0

[Event "4th Zurich CC Classical"]
[Site "Zurich SUI"]
[Date "2015.02.14"]
[Round "1.3"]
[White "Caruana,F"]
[Black "Nakamura,Hi"]
[Result "0-1"]
[WhiteElo "2811"]
[BlackElo "2776"]

1.e4 c5 2.Nf3 d6 3.d4 cxd4 4.Nxd4 Nf6 5.Nc3 a6 6.h3 e5 7.Nde2 h5 8.g3 Nbd7
9.Bg5 Be7 10.a4 Nc5 11.Bg2 Be6 12.a5 b5 13.axb6 Qxb6 14.b3 O-O 15.O-O a5
16.Qd2 Rfc8 17.Rfd1 a4 18.bxa4 Bc4 19.a5 Qd8 20.Bxf6 Bxf6 21.Qxd6 Qxd6 22.Rxd6 Nb7
23.Rd2 Rxa5 24.Rb1 Nc5 25.Nd5 Bd8 26.h4 Ra3 27.Nec3 Rca8 28.Rdd1 Ba5 29.Nb5 Ra2
30.Bf3 g6 31.Ne7+ Kg7 32.Nc6 Na4 33.Nd6 Be6 34.Rb7 Rxc2 35.Nxe5 Nc5 36.Re7 Kf8
37.Nc6 Nb3 38.e5 Bb6 39.Rb7 Bxf2+ 40.Kg2 Bc5+ 41.Kh1 Raa2  0-1

[Event "4th Zurich CC Classical"]
[Site "Zurich SUI"]
[Date "2015.02.15"]
[Round "2.1"]
[White "Kramnik,V"]
[Black "Nakamura,Hi"]
[Result "1/2-1/2"]
[WhiteElo "2783"]
[BlackElo "2776"]

1.Nf3 d5 2.g3 Nf6 3.Bg2 e6 4.O-O Be7 5.c4 O-O 6.b3 c5 7.Bb2 Nc6 8.cxd5 Nxd5
9.d4 cxd4 10.Nxd4 Nxd4 11.Qxd4 Bf6 12.Qd2 Bd7 13.Bxd5 exd5 14.Rd1 Rc8 15.Nc3 Bc6
16.Nxd5 Bxb2 17.Qxb2 Bxd5 18.e4 Bxe4 19.Rxd8 Rfxd8 20.b4 a6 21.a4 Rc4 22.Re1 h6
23.Qe5 Bc6 24.b5 Re8 25.Qxe8+ Bxe8 26.Rxe8+ Kh7 27.Re7 f6 28.a5 Ra4 29.Rxb7 Rxa5
30.b6 Rb5 31.Kf1 a5 32.Kg2 a4 33.h4 h5 34.Rb8 Kg6 35.b7 a3 36.Ra8 a2 37.Kh3 Rxb7
38.Rxa2 Rb3 39.Kg2 Rb5 40.Re2 Ra5  1/2-1/2

[Event "4th Zurich CC Classical"]
[Site "Zurich SUI"]
[Date "2015.02.16"]
[Round "3.3"]
[White "Nakamura,Hi"]
[Black "Karjakin,Sergey"]
[Result "1-0"]
[WhiteElo "2776"]
[BlackElo "2760"]

1.Nf3 Nf6 2.c4 c5 3.Nc3 Nc6 4.d4 cxd4 5.Nxd4 e6 6.g3 Qb6 7.Ndb5 Ne5 8.Bf4 Nfg4
9.Qa4 g5 10.Bxe5 Qxf2+ 11.Kd1 Nxe5 12.Nc7+ Kd8 13.Nxa8 Qd4+ 14.Kc2 Nxc4 15.e4 Ne3+
16.Kb3 Qd2 17.a3 Qc2+ 18.Ka2 Qxa4 19.Nxa4 Nxf1 20.Rhxf1 b5 21.N4b6 axb6 22.Nxb6 Bb7
23.Rxf7 Bc6 24.Rd1 Be7 25.Rf3 Kc7 26.Nxd7 Rd8 27.Rc3  1-0

[Event "4th Zurich CC Classical"]
[Site "Zurich SUI"]
[Date "2015.02.17"]
[Round "4.2"]
[White "Anand,V"]
[Black "Nakamura,Hi"]
[Result "1-0"]
[WhiteElo "2797"]
[BlackElo "2776"]

1.d4 d5 2.c4 e6 3.Nc3 Be7 4.Nf3 Nf6 5.Bf4 O-O 6.e3 Nbd7 7.c5 Nh5 8.Bd3 Nxf4
9.exf4 b6 10.b4 a5 11.a3 c6 12.O-O Qc7 13.g3 Ba6 14.Re1 Bf6 15.Kg2 Bxd3 16.Qxd3 Rfb8
17.h4 Qa7 18.Ne2 g6 19.Rab1 axb4 20.axb4 Qa2 21.Rec1 bxc5 22.bxc5 h5 23.Ne5 Nxe5
24.fxe5 Bg7 25.Rb6 Rc8 26.Nc3 Qa7 27.Rcb1 Qd7 28.R1b4 Bh6 29.Na4 Qd8 30.Ra6 Kg7
31.Rb7 Rxa6 32.Qxa6 g5 33.Qe2 g4 34.Qa6 Qg8 35.Nb6 Rf8 36.Nd7 Qh7 37.Nxf8 Qe4+
38.Kh2 Kxf8 39.Rb8+ Kg7 40.Qc8 Kg6 41.Qh8  1-0

[Event "4th Zurich CC Classical"]
[Site "Zurich SUI"]
[Date "2015.02.18"]
[Round "5.2"]
[White "Nakamura,Hi"]
[Black "Aronian,L"]
[Result "1/2-1/2"]
[WhiteElo "2776"]
[BlackElo "2777"]

1.e4 e5 2.Nf3 Nc6 3.Bb5 Nf6 4.O-O Nxe4 5.Re1 Nd6 6.a4 Be7 7.Nc3 O-O 8.d4 e4
9.Nxe4 Nxe4 10.Rxe4 a6 11.Bd3 d5 12.Re3 Nb4 13.Bf1 Bf5 14.c3 Nc6 15.Bd3 Qd7
16.Qc2 Bxd3 17.Qxd3 Rfe8 18.Bd2 Bf6 19.Rxe8+ Rxe8 20.b4 Ne7 21.Bf4 Nc8 22.Nd2 Nd6
23.Bxd6 Qxd6 24.Nb3 c6 25.Nc5 Qb8 26.Nd7 Qd8 27.Nc5 Qb8 28.Qg3 Be7 29.Qxb8 Rxb8
30.Nb3 Kf8 31.a5 Ke8 32.Re1 Kd7 33.g3 Bd6 34.Kg2 Re8 35.Rxe8 Kxe8 36.Nc5 Bxc5
37.bxc5 Ke7 38.g4 g5 39.f4 f6 40.Kf3 Kd7 41.f5 Kc7 42.Ke2 Kd7 43.c4 Kc7 44.h3  1/2-1/2

[Event "4th Zurich CC Rapid"]
[Site "Zurich SUI"]
[Date "2015.02.19"]
[Round "1.3"]
[White "Nakamura,Hi"]
[Black "Caruana,F"]
[Result "1-0"]
[WhiteElo "2776"]
[BlackElo "2811"]

1.c4 c5 2.g3 g6 3.Bg2 Bg7 4.Nc3 Nc6 5.d3 d6 6.a3 e6 7.Nf3 Nge7 8.Rb1 b6 9.O-O Bb7
10.Qd2 a5 11.b3 O-O 12.Bb2 d5 13.Ne1 Nd4 14.Qd1 Rb8 15.Na4 e5 16.Nc2 Bc6
17.Ne3 Ne6 18.Nc3 d4 19.Ncd5 dxe3 20.Nxe7+ Qxe7 21.Bxc6 Nd4 22.Bd5 Bh6 23.f3 Bg5
24.Bc3 h5 25.b4 axb4 26.axb4 h4 27.g4 Bf4 28.Kh1 h3 29.b5 Rbd8 30.Rg1 Kg7
31.Be4 Ra8 32.Bxa8 Rxa8 33.Ra1 Rxa1 34.Bxa1 Qh4 35.Rf1 Qh8 36.Bc3 Qa8 37.Re1 Qb7
38.Rg1 Qa8 39.Bxd4 exd4 40.Qa1 Qb8 41.g5 Bxh2 42.Rg4 Bd6 43.Rh4 h2 44.Qf1 Qa8
45.Kg2 Qb7 46.Qe1 Qa8 47.Re4 Qh8 48.Qh4 Qxh4 49.Rxh4 f6 50.gxf6+ Kxf6 51.Rh7  1-0

[Event "4th Zurich CC Rapid"]
[Site "Zurich SUI"]
[Date "2015.02.19"]
[Round "2.1"]
[White "Nakamura,Hi"]
[Black "Kramnik,V"]
[Result "0-1"]
[WhiteElo "2776"]
[BlackElo "2783"]

1.c4 e6 2.Nf3 d5 3.g3 dxc4 4.Bg2 Nd7 5.Qa4 a6 6.Qxc4 b5 7.Qc2 Bb7 8.O-O Ngf6
9.d3 c5 10.a4 Be7 11.Nc3 Qb6 12.Qb3 b4 13.a5 Qd8 14.Nb1 Bd5 15.Qc2 O-O 16.Nbd2 Nb8
17.Rd1 Ra7 18.e4 Ba8 19.Nb3 Rc7 20.Be3 Nbd7 21.Qe2 Bc6 22.Nfd2 Bb5 23.Nc4 Rc8
24.e5 Nd5 25.Bd2 Nb8 26.h4 Nc6 27.Qg4 Kh8 28.Bg5 Rc7 29.Be4 h6 30.Bd2 f5
31.exf6 Nxf6 32.Qxe6 Nxe4 33.Qxe4 Bf6 34.Be3 Re7 35.Qg4 Bxb2 36.Rab1 Bd4
37.Nxd4 cxd4 38.Bf4 Bxc4 39.dxc4 Qe8 40.Qh3 Re2 41.Qg2 Qg6 42.Qf3 Re4 43.Qg2 Qe6
44.Bd6 Re8 45.Bxb4 Nxb4 46.Kh2 Qd6 47.Qf3 d3 48.Kg2 Re2 49.Qh5 Rf8  0-1

[Event "4th Zurich CC Rapid"]
[Site "Zurich SUI"]
[Date "2015.02.19"]
[Round "3.3"]
[White "Karjakin,Sergey"]
[Black "Nakamura,Hi"]
[Result "1/2-1/2"]
[WhiteElo "2760"]
[BlackElo "2776"]

1.e4 e6 2.d4 d5 3.Nd2 c5 4.exd5 Qxd5 5.Ngf3 cxd4 6.Bc4 Qd6 7.O-O Nf6 8.Nb3 Nc6
9.Nbxd4 Nxd4 10.Nxd4 Be7 11.c3 Qc7 12.Bb3 O-O 13.Qf3 Bd7 14.Re1 Rfe8 15.h3 Rad8
16.Bf4 Qb6 17.Re2 Nd5 18.Bxd5 exd5 19.Rae1 Bc5 20.Rxe8+ Rxe8 21.Rxe8+ Bxe8
22.Qxd5 Bxd4 23.Qxd4 Qxd4 24.cxd4 Bc6 25.f3 Bd5 26.a3 f6 27.Kf2 Kf7 28.h4 h5
29.g4 g6 30.gxh5  1/2-1/2

[Event "4th Zurich CC Rapid"]
[Site "Zurich SUI"]
[Date "2015.02.19"]
[Round "4.2"]
[White "Nakamura,Hi"]
[Black "Anand,V"]
[Result "1-0"]
[WhiteElo "2776"]
[BlackElo "2797"]

1.c4 Nf6 2.g3 c6 3.Bg2 d5 4.Nf3 dxc4 5.O-O b5 6.a4 Bb7 7.b3 b4 8.bxc4 c5
9.d3 e6 10.Nbd2 Be7 11.Nb3 a5 12.Bb2 Nbd7 13.e3 O-O 14.d4 Qc7 15.Qe2 Ne4
16.Rfc1 Rfc8 17.Ne1 Nd6 18.e4 cxd4 19.c5 Ne8 20.Bxd4 Ne5 21.f4 Nc6 22.Bb2 Nf6
23.e5 Nd5 24.Nf3 Rab8 25.Nfd2 Nc3 26.Qe3 Nd8 27.Bxc3 bxc3 28.Rxc3 Bxg2 29.Kxg2 Rb4
30.c6 Rb6 31.Nd4 Bb4 32.Nb5 Rxc6 33.Nxc7 Rxc3 34.Qe4 R3xc7 35.Nf3 Nb7 36.Rd1 Nc5
37.Qc2 Nd7 38.Qd3 h6 39.h4 Nc5 40.Qc2 Nd7 41.Qd3 Nc5 42.Qc4 Nd7 43.Qb5 Nf8
44.h5 Rc5 45.Qb7 R5c7 46.Qe4 Nd7 47.Kh3 Nb6 48.f5 exf5 49.Qxf5 Nxa4 50.Rd7 Rxd7
51.Qxd7 Nb6 52.Qb7 Bc5 53.e6 fxe6 54.Ne5 Rf8 55.Qc6 Bd4 56.Qxe6+ Kh7 57.Qd6  1-0

[Event "4th Zurich CC Rapid"]
[Site "Zurich SUI"]
[Date "2015.02.19"]
[Round "5.2"]
[White "Aronian,L"]
[Black "Nakamura,Hi"]
[Result "1/2-1/2"]
[WhiteElo "2777"]
[BlackElo "2776"]

1.d4 d5 2.c4 e6 3.Nc3 Be7 4.Nf3 Nf6 5.Bg5 h6 6.Bh4 O-O 7.e3 Ne4 8.Bxe7 Qxe7
9.Rc1 c6 10.Be2 Nd7 11.O-O Nxc3 12.Rxc3 dxc4 13.Rxc4 e5 14.Qc2 Re8 15.Rc1 exd4
16.Nxd4 Nf6 17.a3 Be6 18.Nxe6 Qxe6 19.Rd1 Rad8 20.Rcd4 Rxd4 21.Rxd4 Qe7 22.Qd1 g6
23.Bf3 Qe5 24.h3 Kg7 25.Qb3 Re7 26.Rb4 Qc7 27.g3 b6 28.Rc4 c5 29.Kg2 Qe5
30.Qc2 Ne8 31.Re4 Qf6 32.Rxe7 Qxe7 33.Kf1 Qe5 34.h4 Nd6 35.Ke2 Nb5 36.Kd1 Nd6
37.Kc1 b5 38.Kb1 a5 39.Bc6 b4 40.axb4 axb4 41.b3 f5 42.Qd3 Ne4 43.Qd7+ Kf8
44.Qd8+ Kg7 45.Qd7+ Kf8 46.h5 gxh5 47.f4 Nc3+ 48.Kc2 Qxe3  1/2-1/2

[Event "ch-USA 2015"]
[Site "Saint Louis USA"]
[Date "2015.04.01"]
[Round "1.1"]
[White "Holt,C"]
[Black "Nakamura,Hi"]
[Result "0-1"]
[WhiteElo "2530"]
[BlackElo "2798"]

1.d4 Nf6 2.c4 g6 3.Nc3 Bg7 4.e4 d6 5.Nf3 O-O 6.h3 e5 7.d5 Nh5 8.g3 Na6 9.Nd2 Qe8
10.Be2 Nf6 11.h4 Nd7 12.h5 f5 13.hxg6 hxg6 14.exf5 Nf6 15.fxg6 Qxg6 16.Nf3 Nb4
17.Nh4 Qh7 18.Kf1 Bf5 19.Kg1 Bc2 20.Qd2 Ne4 21.Nxe4 Qxe4 22.Bf1 Bd3 23.Bh3 Nc2
24.Be6+ Rf7 25.Nf5 Ne1 26.Ne7+ Kf8 27.Ng6+ Ke8  0-1

[Event "ch-USA 2015"]
[Site "Saint Louis USA"]
[Date "2015.04.02"]
[Round "2.1"]
[White "Nakamura,Hi"]
[Black "Akobian,V"]
[Result "1-0"]
[WhiteElo "2798"]
[BlackElo "2622"]

1.e4 e6 2.d4 d5 3.Nc3 dxe4 4.Nxe4 Nd7 5.Nf3 Ngf6 6.Nxf6+ Nxf6 7.Bd3 c5 8.Be3 Qc7
9.Qe2 Be7 10.O-O-O O-O 11.dxc5 b6 12.cxb6 axb6 13.Kb1 Bb7 14.Nd4 Ra5 15.Nb5 Qc6
16.Bd2 Raa8 17.f3 Ba6 18.c4 Rfd8 19.Bc3 Qc5 20.Bd4 Qc8 21.Bxb6 Rd7 22.Bf2 Bc5
23.Bxc5 Qxc5 24.Be4 Rb8 25.Rxd7 Nxd7 26.Rc1 Nf6 27.Bd3 g6 28.Rd1 Bxb5 29.cxb5 Nd5
30.Rc1 Qd4 31.g3 Rd8 32.Bc4 Ne3 33.Bb3 Rb8 34.a4 Nf5 35.Qe4 Qd2 36.Rc2 Qd1+
37.Ka2 Qd8 38.g4 Ne7 39.f4 Qd7 40.Qe5 Rb7 41.h4 Qd3 42.h5  1-0

[Event "ch-USA 2015"]
[Site "Saint Louis USA"]
[Date "2015.04.03"]
[Round "3.1"]
[White "Kamsky,G"]
[Black "Nakamura,Hi"]
[Result "1/2-1/2"]
[WhiteElo "2683"]
[BlackElo "2798"]

1.d4 Nf6 2.Nf3 e6 3.Bf4 c5 4.e3 Nc6 5.c3 d5 6.Nbd2 Bd6 7.Bg3 O-O 8.Bd3 b6
9.e4 Be7 10.e5 Nh5 11.O-O Bd7 12.Re1 Rc8 13.a3 Nxg3 14.hxg3 f5 15.dxc5 bxc5
16.b4 g5 17.Nh2 d4 18.b5 dxc3 19.bxc6 cxd2 20.Re2 Bxc6 21.Rxd2 Bd5 22.g4 c4
23.Bc2 f4 24.Qe2 Qa5 25.Nf3 Rcd8 26.Rdd1 Rd7 27.a4 Rfd8 28.Rab1 a6 29.Rdc1 Ba3
30.Rd1 h6 31.Kh2 Bf8 32.Rdc1 Qc5 33.Kg1 Qc6 34.Rd1 Bg7 35.Nd4 Qc7 36.Nf3 Rb8
37.Rxb8+ Qxb8 38.Be4 Qc8 39.Bc2 Qc6 40.Nd4 Qc7 41.Nf3 Rd8 42.Bb1 Rb8 43.Bc2 a5
44.Rc1 Qb7 45.Qd1 Qa8 46.Qe2 Rb4 47.Rd1 Qc6 48.Nd4 Qc7 49.Re1 Qb7 50.Rd1 Bf8
51.Nb5 Bxg2 52.Rd8 Bh1 53.Qf1 Rb2 54.Nd6 Qd5 55.Nf7 Rxc2 56.Rxd5 Bxd5 57.Qb1 Kxf7
58.Qxc2 Kg7 59.Qd2 Bb4 60.Qd4 c3  1/2-1/2

[Event "ch-USA 2015"]
[Site "Saint Louis USA"]
[Date "2015.04.04"]
[Round "4.1"]
[White "Nakamura,Hi"]
[Black "So,W"]
[Result "1/2-1/2"]
[WhiteElo "2798"]
[BlackElo "2788"]

1.c4 e6 2.d4 d5 3.Nc3 Be7 4.Nf3 Nf6 5.Bg5 h6 6.Bh4 O-O 7.e3 b6 8.Bd3 Bb7
9.O-O Nbd7 10.Bg3 c5 11.cxd5 Nxd5 12.Nxd5 Bxd5 13.Qe2 cxd4 14.Nxd4 Bf6 15.Rfd1 Bxd4
16.exd4 Nb8 17.Rac1 Nc6 18.Bb5 Rc8 19.Rc3 Ne7 20.Ba6 Rxc3 21.bxc3 Nf5 22.Bf4 Qh4
23.Bc1 Rd8 24.f3 Rd7 25.Bd3 Rc7 26.Bd2 Qd8 27.Rc1 Qf6 28.a4 g5 29.f4 gxf4
30.Qf2 Nh4 31.Bxf4 Nf3+ 32.gxf3 Qxf4 33.Qg3+ Qxg3+ 34.hxg3 Bxf3 35.Kf2 Bc6
36.Ra1 f6 37.a5 b5 38.c4 bxc4 39.Bxc4 Kf7 40.Ke3 Ke7 41.Rb1 Rc8 42.g4 Kd6
43.Ba6 Rg8 44.Rf1 Rxg4 45.Rxf6 Re4+ 46.Kd3 Rh4 47.Bc4 Bd5 48.Bxd5 Kxd5 49.Rf7 Rxd4+
50.Ke3 Ra4 51.Rxa7 Ra3+ 52.Kf2 Ke4 53.Rh7 Ra2+ 54.Kf1 Kf3 55.Rf7+ Ke3 56.Re7  1/2-1/2

[Event "ch-USA 2015"]
[Site "Saint Louis USA"]
[Date "2015.04.05"]
[Round "5.1"]
[White "Naroditsky,D"]
[Black "Nakamura,Hi"]
[Result "0-1"]
[WhiteElo "2633"]
[BlackElo "2798"]

1.e4 c5 2.Nf3 d6 3.d4 cxd4 4.Nxd4 Nf6 5.Nc3 g6 6.Be3 Bg7 7.f3 Nc6 8.Bc4 O-O
9.Bb3 Bd7 10.h4 h5 11.Qd2 Qa5 12.O-O-O Rfc8 13.Kb1 Ne5 14.Bg5 Rxc3 15.Qxc3 Qxc3
16.bxc3 a5 17.a3 Rc8 18.Kb2 Kf8 19.Ne2 Bb5 20.Nd4 Ba6 21.Rhe1 Nfd7 22.f4 Nc4+
23.Bxc4 Bxc4 24.f5 Nc5 25.Re3 Ke8 26.Bf4 Na4+ 27.Kc1 Ba6 28.e5 dxe5 29.Rxe5 Bxe5
30.Bxe5 Nxc3 31.Re1 gxf5 32.Bf6 Ne4 33.Nxf5 Bd3 34.c3 Rc5 35.Nxe7 Rb5  0-1

[Event "ch-USA 2015"]
[Site "Saint Louis USA"]
[Date "2015.04.07"]
[Round "6.1"]
[White "Nakamura,Hi"]
[Black "Shankland,S"]
[Result "1/2-1/2"]
[WhiteElo "2798"]
[BlackElo "2661"]

1.e4 c6 2.d4 d5 3.e5 Bf5 4.Nf3 e6 5.Be2 Ne7 6.O-O Nd7 7.Nbd2 h6 8.Nb3 g5
9.Ne1 Qc7 10.Nd3 Ng6 11.Ne1 Ne7 12.f4 O-O-O 13.Nd3 Ng6 14.Bg4 Bxd3 15.cxd3 gxf4
16.Bxf4 Nxf4 17.Rxf4 f5 18.Bh5 Nf6 19.Kh1 Nxh5 20.Qxh5 Qg7 21.Rf3 Rg8 22.Rg3 Qh7
23.Rxg8 Qxg8 24.Rf1 Qg5 25.Qxg5 hxg5 26.g4 fxg4 27.Rf7 Re8 28.Kg2 Be7 29.Kg3 b6
30.Kxg4 Kd7 31.Rf3  1/2-1/2

[Event "ch-USA 2015"]
[Site "Saint Louis USA"]
[Date "2015.04.08"]
[Round "7.1"]
[White "Sevian,Samuel"]
[Black "Nakamura,Hi"]
[Result "1/2-1/2"]
[WhiteElo "2531"]
[BlackElo "2798"]

1.e4 e5 2.Nf3 Nc6 3.Bb5 Nf6 4.d3 d6 5.c3 g6 6.O-O Bg7 7.Re1 O-O 8.Nbd2 a6
9.Ba4 h6 10.Nf1 b5 11.Bb3 Na5 12.Bc2 c5 13.d4 exd4 14.cxd4 Bg4 15.d5 Nc4
16.Ne3 Nxe3 17.Rxe3 Re8 18.h3 Bxf3 19.Qxf3 Nd7 20.Rb1 Qh4 21.Re2 c4 22.Qf4 Qe7
23.Bd2 a5 24.Qg3 Nc5 25.b3 cxb3 26.Bxb3 Nxe4 27.Qd3 f5 28.Qxb5 Bd4 29.Be1 Qf7
30.Qd3 Qf6 31.Rd1 Be5 32.Qf3 a4 33.Bc4 Rec8 34.Bb5 Nc3 35.Bxc3 Rxc3 36.Re3 Rc2
37.Re2 Rxe2 38.Qxe2 Qh4 39.Qc2 Bd4 40.Bd7 Kh7  1/2-1/2

[Event "ch-USA 2015"]
[Site "Saint Louis USA"]
[Date "2015.04.09"]
[Round "8.1"]
[White "Troff,Kayden W"]
[Black "Nakamura,Hi"]
[Result "0-1"]
[WhiteElo "2532"]
[BlackElo "2798"]

1.d4 Nf6 2.c4 e6 3.Nf3 c5 4.d5 exd5 5.cxd5 d6 6.Nc3 g6 7.g3 Bg7 8.Bg2 O-O
9.O-O Re8 10.Re1 a6 11.a4 Nbd7 12.e4 Ng4 13.Nd2 Nge5 14.Bf1 g5 15.h3 Qf6
16.Qh5 Bh6 17.Nd1 g4 18.Ne3 Bxe3 19.Rxe3 Qg7 20.hxg4 Nxg4 21.Rc3 Ndf6 22.Qh1 Re5
23.Qf3 Bd7 24.Qd3 Qh6 25.Bg2 Qh2+ 26.Kf1 Nxf2 27.Kxf2 Bh3 28.Qf1 Rxe4 29.Nxe4 Nxe4+
30.Ke3 Bxg2 31.Qf4 Nxc3 32.Qg5+ Kf8 33.bxc3 Re8+ 34.Kf2 Bh1+  0-1

[Event "ch-USA 2015"]
[Site "Saint Louis USA"]
[Date "2015.04.10"]
[Round "9.1"]
[White "Nakamura,Hi"]
[Black "Gareev,T"]
[Result "1/2-1/2"]
[WhiteElo "2798"]
[BlackElo "2604"]

1.Nf3 b6 2.e4 Bb7 3.Nc3 e6 4.d4 Bb4 5.Bd3 Nf6 6.Qe2 d5 7.e5 Ne4 8.O-O Nxc3
9.bxc3 Bxc3 10.Rb1 Nc6 11.Qe3 Bb4 12.Qf4 h6 13.Bb5 Be7 14.Qg4 g6 15.c3 Qd7
16.Ne1 a6 17.Ba4 b5 18.Bd1 Na5 19.Nd3 Qc6 20.Qe2 Qxc3 21.Bd2 Qa3 22.Bc1 Qc3
23.Bd2 Qa3 24.Bc1  1/2-1/2

[Event "ch-USA 2015"]
[Site "Saint Louis USA"]
[Date "2015.04.11"]
[Round "10.1"]
[White "Robson,R"]
[Black "Nakamura,Hi"]
[Result "1/2-1/2"]
[WhiteElo "2656"]
[BlackElo "2798"]

1.e4 e5 2.Nf3 Nc6 3.Nc3 Nf6 4.d4 exd4 5.Nxd4 Bb4 6.Nxc6 bxc6 7.Bd3 O-O 8.O-O d5
9.exd5 cxd5 10.h3 c6 11.Qf3 Bd6 12.Re1 Rb8 13.b3 Nd7 14.Bf4 Qf6 15.Bxd6 Qxd6
16.Rad1 Nc5 17.Ne2 Re8 18.Nd4 Bd7 19.Bf1 Rxe1 20.Rxe1 Ne4 21.Bd3 Qb4 22.Qe3 Re8
23.Nf3 Nd6 24.Qc1 Rxe1+ 25.Nxe1 c5 26.c3 Qb6 27.Nf3 h6 28.Qf4 Be6 29.b4 cxb4
30.Qxb4 d4  1/2-1/2

[Event "ch-USA 2015"]
[Site "Saint Louis USA"]
[Date "2015.04.12"]
[Round "11.1"]
[White "Nakamura,Hi"]
[Black "Onischuk,Al"]
[Result "1-0"]
[WhiteElo "2798"]
[BlackElo "2665"]

1.e4 e5 2.Nf3 Nc6 3.d4 exd4 4.Bc4 Nf6 5.e5 d5 6.Bb5 Ne4 7.Nxd4 Bc5 8.Be3 O-O
9.Nxc6 bxc6 10.Bxc5 Nxc5 11.Bxc6 Rb8 12.O-O Rxb2 13.Qxd5 Qxd5 14.Bxd5 Rxc2
15.Na3 Re2 16.Rac1 Nd3 17.Rxc7 Be6 18.Bb3 a5 19.Ra7 Bxb3 20.axb3 Rxe5 21.Nc4 Rb5
22.Rb1 Nc5 23.Nxa5 Re8 24.g3 g6 25.b4 Nd3 26.Nc6 Re2 27.Rd7 Nxf2 28.Nd4 Nh3+
29.Kh1 Nf2+ 30.Kg2 Nd1+ 31.Nxe2  1-0

[Event "47th Italian Teams 2015"]
[Site "Civitanova Marche ITA"]
[Date "2015.04.30"]
[Round "3.1"]
[White "Brunello,S"]
[Black "Nakamura,Hi"]
[Result "1/2-1/2"]
[WhiteElo "2540"]
[BlackElo "2798"]

1.d4 Nf6 2.c4 e6 3.Nf3 d5 4.Nc3 Bb4 5.e3 O-O 6.Bd3 dxc4 7.Bxc4 a6 8.O-O Nbd7
9.a3 Bxc3 10.bxc3 b6 11.a4 Bb7 12.Ba3 c5 13.Be2 Qc7 14.h3 Rfd8 15.Qb3 Ne4
16.c4 a5 17.Rfd1 Ba6 18.Rac1 Rac8 19.Qc2 Nd6 20.Ng5 Nf8 21.dxc5 bxc5 22.Bb2 Bb7
23.Bf3 Bxf3 24.Nxf3 f6 25.Rd3 Nd7 26.Bc3 Nb8 27.Nd2 Nc6 28.Nb3 Nb7 29.Rcd1 Rxd3
30.Rxd3 Rd8 31.Rxd8+ Ncxd8 32.Qd3 Nc6 33.f4 f5 34.g4 g6 35.Kf2 Kf8 36.Kg3 Ke8
37.e4 Qb6 38.Nd2 fxg4 39.hxg4 Nb4 40.Qe2 Qc6 41.Qh2 Qd7 42.Nf3 Nd6 43.Ng5 Nxe4+
44.Nxe4 Qd3+ 45.Kh4 Qxe4 46.Kg5 Qb7 47.Bf6 Nc6 48.Qg1 Qa7 49.Qe3 Kf7 50.Qh3 Kg8
51.Qh1 Qc7 52.Qe4 Qd6 53.Qh1 Qd7 54.Qe4 Qe8 55.f5 gxf5 56.gxf5 Nd8 57.Kf4 Kf8
58.Bxd8 Qxd8 59.Qxe6 Qh4+ 60.Kf3 Qh1+ 61.Kf2 Qh4+ 62.Kf3 Qh1+ 63.Kf2 Qh4+  1/2-1/2

[Event "47th Italian Teams 2015"]
[Site "Civitanova Marche ITA"]
[Date "2015.05.01"]
[Round "4.1"]
[White "Nakamura,Hi"]
[Black "Cacco,C"]
[Result "1-0"]
[WhiteElo "2798"]
[BlackElo "2337"]

1.e4 d6 2.d4 g6 3.Nc3 Bg7 4.Be3 a6 5.f4 b5 6.Bd3 Bb7 7.Nf3 Nf6 8.e5 Nd5 9.Nxd5 Bxd5
10.a4 c6 11.axb5 cxb5 12.O-O Nc6 13.c3 O-O 14.Bc2 e6 15.Ng5 Ne7 16.Ne4 Nf5
17.Bf2 Bxe4 18.Bxe4 d5 19.Bd3 Qd7 20.Qe2 Ne7 21.Ra2 Qc6 22.Rfa1 Rfb8 23.g4 f5
24.exf6 Bxf6 25.h4 Rb6 26.Kh2 Kf7 27.Rf1 a5 28.f5 exf5 29.gxf5 a4 30.Bg3 Re8
31.fxg6+ Nxg6 32.Qf3 Kg7 33.h5 Nf8 34.Rf2 Kh8 35.Ra1 Bg7 36.Qg4 Qe6 37.Bf5 Qe7
38.Rg1 h6 39.Bh4 Qc7+ 40.Kh1 Nh7 41.Bd7 Rg8 42.Rf7  1-0

[Event "47th Italian Teams 2015"]
[Site "Civitanova Marche ITA"]
[Date "2015.05.03"]
[Round "7.1"]
[White "Socko,B"]
[Black "Nakamura,Hi"]
[Result "0-1"]
[WhiteElo "2623"]
[BlackElo "2798"]

1.d4 Nf6 2.c4 g6 3.Nc3 Bg7 4.e4 d6 5.Nf3 O-O 6.Be2 e5 7.Be3 exd4 8.Nxd4 Re8
9.f3 c6 10.Bf2 d5 11.exd5 cxd5 12.O-O Nc6 13.Nxc6 bxc6 14.Rc1 Bh6 15.Rb1 Bf5
16.Bd3 d4 17.Bxf5 dxc3 18.Bd3 cxb2 19.Rxb2 Be3 20.Bxe3 Rxe3 21.Be2 Qe7 22.Rf2 Re8
23.g3 h5 24.Qd4 Rd8 25.Qf4 Kg7 26.Kg2 h4 27.Qxh4 Qe5 28.Qf4 Qxf4 29.gxf4 Nh5
30.Bf1 Nxf4+ 31.Kg3 Nh5+ 32.Kg2 Rd1 33.Rb3 Ree1 34.f4 f5 35.Bd3 Kh6 36.Kf3 c5
37.Ra3 a6 38.Rb2 Re6 39.Rb8 Rde1 40.Rh8+ Kg7 41.Rd8 R1e3+ 42.Kf2 Nxf4 43.Rb3 Rh3
44.Bf1 Rxh2+ 45.Kg3 Rh1 46.Rd1 Nh5+ 47.Kg2 Rh4 48.Rd7+ Kh6 49.Rc7 Rg4+ 50.Kf2 Nf6
51.Bd3 Rf4+ 52.Kg3 Kg5 53.Rxc5 Re3+ 54.Kg2 Ng4  0-1